Bible Numbers Quiz Stats

 Plays Quiz Updated Feb 17, 2018

Challenge
Share
Tweet
Embed
Score 0/16 Timer 04:00
8 Plays Today
Number of... Answer % Correct
Apostles of Jesus12
91.6%
Tribes of Israel12
86.5%
People on Noah's Ark8
83.8%
Riders of the Apocalypse in Revelation4
81.6%
Sons of Jacob, son of Isaac12
79.8%
Epistles to the Romans1
75.4%
Letters attributed to the Apostle John3
73.9%
Books in the Bible66
72.4%
Number of... Answer % Correct
Books in the New Testament27
70.3%
Single chapter Books5
70.3%
Verses in the shortest chapter (Ps. 117)2
70.1%
Books in the Old Testament39
67.7%
Letters signed by the Apostle Paul13
63.7%
Psalms in the Book of Psalms150
54%
New Christians on the first Pentecost DayAbout 3000
33.6%
Verses in the longest chapter (Ps. 119)176
26%

You're not logged in!

Compare scores with friends on all Sporcle quizzes.
OR
Log In

You Might Also Like...

Show Comments

Extras

Top Quizzes Today


Score Distribution

Your Account Isn't Verified!

In order to create a playlist on Sporcle, you need to verify the email address you used during registration. Go to your Sporcle Settings to finish the process.

Report this User

Report this user for behavior that violates our Community Guidelines.

Details: